Explotación de las fotografías aéreas

Guardat en:
Dades bibliogràfiques
Autor principal: Carré, Jean-Marie (Autor)
Format: Llibre
Idioma:espanyol
Publicat: Madrid Pananinfo 1975
Matèries:
Etiquetes: Afegir etiqueta
Sense etiquetes, Sigues el primer a etiquetar aquest registre!

MARC

LEADER 00000nam a2200000 a 4500
001 UCU3234
003 CL-VaPUC
008 960502e19750000SP |||||||||||||||||spa|d
082 0 4 |a 526.982  |b CAR  |2 21 
100 |a Carré, Jean-Marie  |e author  |9 350668 
245 1 0 |a Explotación de las fotografías aéreas 
300 |a 258 p 
942 |c BK 
945 |d 19960502 00:00:00  |a lriquelm 
260 |a Madrid  |b Pananinfo  |c 1975 
650 0 |a Topografía   |9 260423 
650 7 |a TOPOGRAFIA AEREA  |2 CL-VaPUC  |9 360049 
650 7 |a PLANIMETRIA  |2 CL-VaPUC  |9 360050 
650 7 |a LEVANTAMIENTOS FOTOGRAMETRICOS  |2 CL-VaPUC  |9 360028 
583 |a last modification  |c 19960502 00:00:00  |k Rodrigo Vera 
999 |c 247315  |d 247313 
952 |0 0  |1 0  |4 0  |6 526_982000000000000_CAR_1975  |7 0  |8 A  |9 263151  |a BIBING  |b BIBING  |d 2019-11-19  |i 1652591  |o 526.982 CAR 1975  |p 1652591  |r 2025-01-20  |w 2019-11-19  |y BK  |k GEO